000 00925nam0a22002651 4500
001 rc\339317
005 20030307123046.7
010 _a5-7245-0309-3
_96900
035 _a(NLR Aleph) 005581460
090 _a6116677
_c6116677
100 _a20030307d1989 u |0rusy50 ca
101 0 _arus
102 _aRU
105 _aa |||||||||
200 1 _aПоверхностно-активные вещества в народном хозяйстве
_f[Правдин В.Г. и др.]
210 _aМ.
_cХимия
_d1989
215 _a46, [2] с.
_cдиагр.
_d21
225 1 _aКурсом ускорения научно-технического прогресса
320 _aБиблиогр.: с. 46-47 (47 назв.)
702 1 _aПравдин
_bВ. Г.
_gВалерий Геннадьевич
_4220
801 0 _aRU
_bNLR
_gpsbo
801 1 _aRU
_bELAR
_2rusmarc
852 _aNLR
_j89-4/16081
942 _cBOOK
980 _aNB